000 01065nam a2200325 i 4500
001 bg
245 0 0 _aIslandia /
_c[przygot. ed. pol. Bogdan Rudnicki ; red. prowadzący Joanna Zaborowska ; red. Magdalena Binkowska ; tł. Patrycja Zarawska].
246 1 _iTyt. oryg.:
_aIceland
260 _aWarszawa :
_bMediaprofit,
_c2007.
300 _a381, [1] s. :
_bil. (gł. kolor.) ;
_c23 cm.
490 1 _aBiblioteka Gazety Wyborczej. Podróże Marzeń ;
_v8
500 _aMapa i plan na wyklejkach.
504 _aIndeks.
651 9 _aIslandia
655 _aPrzewodniki turystyczne
700 1 _aRudnicki, Bogdan.
_eOprac.
700 1 _aZaborowska, Joanna.
_eRed.
700 1 _aZarawska, Patrycja.
_eTł.
830 0 _aBiblioteka Gazety Wyborczej.
_pPodróże Marzeń (2007)
_v8
015 _aPB 16671/2007
020 _a9788360174685
040 _cBPK
041 1 _apol
_heng
044 _aPOL
080 _a913(491.1)(036)
920 _a978-83-60174-68-5
942 _cKS
008 070716s2007 pl a |001 0 pol
999 _c54252
_d54252
856 _uhttp://koha.tu.koszalin.pl/cgi-bin/koha/opac-detail.pl?biblionumber=54252
_yKatalog online BPK